[Event "POL-chT3 Slaskie"]
[Site "Poland"]
[Date "2008.02.03"]
[Round "2.4"]
[White "Sztwiertnia, Krzysztof"]
[Black "Malecki, Rafal"]
[Result "1/2-1/2"]
[WhiteElo "2024"]
[BlackElo "2144"]
[PlyCount "74"]
[EventDate "2008.02.03"]
[EventType "team-swiss"]
[EventRounds "9"]
[EventCountry "POL"]
[SourceTitle "EXT 2019"]
[Source "ChessBase"]
[SourceDate "2018.10.10"]
[SourceVersion "1"]
[SourceVersionDate "2018.10.10"]
[SourceQuality "1"]

1. e4 d6 2. d4 Nf6 3. Nc3 g6 4. Be3 c6 5. Qd2 Nbd7 6. Bd3 b5 7. Nf3 Bg7 8. Bh6 0-0 9. Bxg7 Kxg7 10. 0-0 e5 11. Rad1 Re8 12. Rfe1 Qb6 13. Bf1 Nf8 14. h3 Bb7 15. b4 Rad8 16. a4 a6 17. axb5 cxb5 18. d5 Rc8 19. Nb1 Qc7 20. Rc1 Nh5 21. Nh2 Qe7 22. Ng4 Nd7 23. c4 bxc4 24. Qh6+ Kh8 25. Bxc4 Nb6 26. Bf1 Rxc1 27. Rxc1 Rc8 28. Rxc8+ Bxc8 29. Ne3 Kg8 30. Nd2 Qb7 31. Nb3 Nf6 32. f3 Nbd7 33. Nc2 Qc7 34. Qd2 Nh5 35. Na5 Nb8 36. Nc4 Nf4 37. Qe3 Nd7 1/2-1/2

[Event "Polanica Zdroj op-B 42nd"]
[Site "Polanica Zdroj"]
[Date "2006.08.25"]
[Round "7"]
[White "Kicinski, Jacek"]
[Black "Sztwiertnia, Krzysztof"]
[Result "1-0"]
[WhiteElo "1992"]
[BlackElo "2017"]
[PlyCount "103"]
[EventDate "2006.08.20"]
[EventType "swiss"]
[EventRounds "7"]
[EventCountry "POL"]
[SourceTitle "CBM 113 Extra"]
[Source "ChessBase"]
[SourceDate "2006.09.14"]
[SourceVersion "1"]
[SourceVersionDate "2006.09.14"]
[SourceQuality "1"]

1. e4 c5 2. Nf3 d6 3. d4 cxd4 4. Nxd4 Nf6 5. Nc3 a6 6. Bg5 e6 7. f3 Be7 8. Qd2 b5 9. a3 Bb7 10. 0-0-0 d5 11. e5 Nfd7 12. Bxe7 Qxe7 13. f4 Nc6 14. Nxd5 Qd8 15. Nxc6 Bxc6 16. Nb4 Bb7 17. Qd6 Qe7 18. Be2 g5 19. Qc7 Nc5 20. Qxe7+ Kxe7 21. fxg5 Bxg2 22. Rhg1 Bb7 23. Rd4 Rac8 24. Kb1 Rcd8 25. Rf4 Ne4 26. Kc1 Rhg8 27. Bf3 Rd4 28. Rgg4 Rgd8 29. c3 Rd2 30. Bxe4 Rd1+ 31. Kc2 R8d2+ 32. Kb3 Bxe4 33. Rxe4 Rb1 34. c4 Rdxb2+ 35. Kc3 Rb3+ 36. Kd4 Rxa3 37. Kc5 Rc1 38. Nc6+ Kf8 39. h4 Rh3 40. Rgf4 Rd3 41. Kb6 bxc4 42. Rxc4 Rxc4 43. Rxc4 Rf3 44. Kxa6 Kg7 45. Ne7 h6 46. gxh6+ Kxh6 47. Ng8+ Kg6 48. Nf6 Re3 49. h5+ Kg7 50. h6+ Kg6 51. h7 Kg7 52. Rg4+ 1-0

[Event "Polanica Zdroj op-B 42nd"]
[Site "Polanica Zdroj"]
[Date "2006.08.24"]
[Round "5"]
[White "Lach, Piotr"]
[Black "Sztwiertnia, Krzysztof"]
[Result "0-1"]
[WhiteElo "1959"]
[BlackElo "2017"]
[PlyCount "127"]
[EventDate "2006.08.20"]
[EventType "swiss"]
[EventRounds "7"]
[EventCountry "POL"]
[SourceTitle "CBM 113 Extra"]
[Source "ChessBase"]
[SourceDate "2006.09.14"]
[SourceVersion "1"]
[SourceVersionDate "2006.09.14"]
[SourceQuality "1"]

1. e4 e5 2. Nf3 Nc6 3. Bc4 Nf6 4. d3 Bc5 5. 0-0 d6 6. c3 a6 7. Bb3 0-0 8. Re1 h6 9. Nbd2 Re8 10. Nf1 Bg4 11. h3 Bh5 12. Ng3 Bg6 13. Be3 Ba7 14. Bxa7 Rxa7 15. Nh4 Kh7 16. Nxg6 fxg6 17. Qd2 Ra8 18. d4 Qd7 19. Rad1 g5 20. f3 Na5 21. Bc2 b5 22. b3 Nc6 23. Ne2 Rf8 24. Ng3 g6 25. d5 Ne7 26. c4 Nh5 27. Nh1 Nf4 28. Nf2 Ng8 29. Kh2 Qf7 30. Qe3 Nf6 31. Bd3 b4 32. c5 Nd7 33. c6 Nc5 34. Bf1 Rfb8 35. Rc1 Qe7 36. Rc2 a5 37. Bc4 Qf8 38. g3 Nh5 39. Nd3 Nxd3 40. Qxd3 Qe7 41. Ba6 Rb6 42. Bb7 Rf8 43. Qe3 Nf6 44. Rec1 h5 45. g4 Rb5 46. Kg2 Ne8 47. Kf1 Qf6 48. Ke2 Qf4 49. Qxf4 Rxf4 50. Ke3 a4 51. Rc4 Nf6 52. bxa4 Ra5 53. Rxb4 Nxd5+ 54. exd5 Rxb4 55. Rg1 Kh6 56. Rd1 Raxa4 57. Rd2 Ra3+ 58. Rd3 Rxa2 59. Rc3 Rbb2 60. Kd3 Rd2+ 61. Kc4 Rd4+ 62. Kb3 Rf2 63. Bc8 Rxd5 64. Be6 0-1

[Event "Polanica Zdroj op-B 42nd"]
[Site "Polanica Zdroj"]
[Date "2006.08.23"]
[Round "4"]
[White "Sztwiertnia, Krzysztof"]
[Black "Kowara, Magdalena"]
[Result "1-0"]
[WhiteElo "2017"]
[BlackElo "1937"]
[PlyCount "73"]
[EventDate "2006.08.20"]
[EventType "swiss"]
[EventRounds "7"]
[EventCountry "POL"]
[SourceTitle "CBM 113 Extra"]
[Source "ChessBase"]
[SourceDate "2006.09.14"]
[SourceVersion "1"]
[SourceVersionDate "2006.09.14"]
[SourceQuality "1"]

1. Nf3 d5 2. d4 e6 3. c4 Nf6 4. Nc3 b6 5. a3 Bb7 6. cxd5 Nxd5 7. Qc2 c5 8. e4 Nf6 9. Bg5 h6 10. Bxf6 Qxf6 11. Bb5+ Bc6 12. Bxc6+ Nxc6 13. Qa4 e5 14. Nd5 Qd6 15. Nxe5 Rc8 16. Nxc6 Qxc6 17. Qxc6+ Rxc6 18. Rc1 Bd6 19. 0-0 0-0 20. e5 Bxe5 21. Ne7+ Kh8 22. Nxc6 Bxd4 23. Nxd4 cxd4 24. Rfd1 Rd8 25. Rc4 Re8 26. Rcxd4 Re2 27. R4d2 Re7 28. h4 a5 29. Rd7 Re2 30. Rxf7 Rxb2 31. Rdd7 Rb1+ 32. Kh2 Rb5 33. Rxg7 Rf5 34. Rge7 Kg8 35. Rd8+ Rf8 36. Rxf8+ Kxf8 37. Rb7 1-0

[Event "POL-chT2 U18"]
[Site "Sielpa"]
[Date "2004.??.??"]
[Round "3"]
[White "Wilczynska, Malgorzata"]
[Black "Sztwiertnia, Krzysztof"]
[Result "1-0"]
[WhiteElo "1969"]
[BlackElo "1977"]
[PlyCount "93"]
[EventDate "2004.??.??"]
[EventType "team"]
[EventRounds "11"]
[EventCountry "POL"]
[SourceTitle "EXT 2007"]
[Source "ChessBase"]
[SourceDate "2006.11.23"]
[SourceVersion "1"]
[SourceVersionDate "2006.11.23"]
[SourceQuality "1"]

1. e4 c5 2. Nf3 d6 3. d4 cxd4 4. Nxd4 Nf6 5. Nc3 a6 6. f3 Qb6 7. Bc4 e6 8. Bb3 Be7 9. Be3 Qc7 10. Qd2 Nc6 11. g4 Na5 12. Nce2 Nxb3 13. cxb3 d5 14. Rc1 Qd8 15. e5 Nd7 16. f4 g5 17. Ng3 gxf4 18. Bxf4 Rg8 19. h3 Qb6 20. a3 Bc5 21. Nf3 Be7 22. b4 Nf8 23. Be3 Qd8 24. Qf2 Nd7 25. 0-0 f6 26. exf6 Bxf6 27. Nh5 Qe7 28. Kh1 Rf8 29. Rc7 Be5 30. Bc5 Bd6 31. Bxd6 Qxd6 32. Rfc1 Kd8 33. Qh4+ Qe7 34. Ng5 Rf1+ 35. Kg2 Rxc1 36. Nxe6+ Ke8 37. Nhg7+ Kf7 38. Qh5+ Kg8 39. Rxc1 Nf6 40. Qg5 Kf7 41. Rc7 Bd7 42. Qc1 Qd6 43. g5 Ne4 44. Qf4+ Qxf4 45. Rxd7+ Kg6 46. Nxf4+ Kxg5 47. Nxd5 1-0

[Event "POL-chT2 South U19"]
[Site "Rudnik"]
[Date "2000.??.??"]
[Round "1.3"]
[White "Motyka, Michal"]
[Black "Sztwiertnia, Krzysztof"]
[Result "1-0"]
[WhiteElo "2000"]
[BlackElo "1800"]
[PlyCount "69"]
[EventDate "2000.07.20"]
[EventType "team-swiss"]
[EventRounds "10"]
[EventCountry "POL"]
[SourceTitle "EXT 2005"]
[Source "ChessBase"]
[SourceDate "2004.11.15"]
[SourceVersion "1"]
[SourceVersionDate "2004.11.15"]
[SourceQuality "1"]
[WhiteTeam "Wisla Strumien U19"]
[BlackTeam "POL-chT2 South U19 2"]
[WhiteTeamCountry "POL"]
[BlackTeamCountry "POL"]

1. e4 c5 2. Nc3 d6 3. f4 e6 4. Nf3 g6 5. Bc4 Bg7 6. 0-0 Ne7 7. Qe1 Nbc6 8. d3 0-0 9. Bb3 Nd4 10. Nxd4 Bxd4+ 11. Kh1 Nc6 12. Ne2 Bg7 13. c3 d5 14. e5 b6 15. d4 Ba6 16. Be3 cxd4 17. cxd4 Rc8 18. Rc1 Ne7 19. Qd2 Qd7 20. Rfd1 Rxc1 21. Rxc1 Rc8 22. Nc3 Bc4 23. Bxc4 dxc4 24. Ne4 Qd5 25. Nd6 Rc7 26. b3 Nf5 27. bxc4 Qc6 28. Nxf5 gxf5 29. d5 exd5 30. cxd5 Qxc1+ 31. Qxc1 Rxc1+ 32. Bxc1 Bf8 33. d6 Kg7 34. Ba3 a5 35. d7 1-0

[Event "POL-chT2 South U19"]
[Site "Rudnik"]
[Date "2000.??.??"]
[Round "8.3"]
[White "Piec, Michal"]
[Black "Sztwiertnia, Krzysztof"]
[Result "1-0"]
[WhiteElo "1800"]
[BlackElo "1800"]
[PlyCount "60"]
[EventDate "2000.07.20"]
[EventType "team-swiss"]
[EventRounds "10"]
[EventCountry "POL"]
[SourceTitle "EXT 2005"]
[Source "ChessBase"]
[SourceDate "2004.11.15"]
[SourceVersion "1"]
[SourceVersionDate "2004.11.15"]
[SourceQuality "1"]
[WhiteTeam "Piekary Slaskie U19"]
[BlackTeam "POL-chT2 South U19 2"]
[WhiteTeamCountry "POL"]
[BlackTeamCountry "POL"]

1. e4 c5 2. Nf3 d6 3. d4 cxd4 4. Qxd4 Nc6 5. Bb5 Bd7 6. Bxc6 Bxc6 7. Nc3 Nf6 8. Bg5 e5 9. Qd3 Be7 10. 0-0 Qc7 11. Rae1 0-0 12. Qd2 Rad8 13. Rd1 Nxe4 14. Nxe4 Bxe4 15. Bxe7 Qxe7 16. Ng5 Bg6 17. c3 h6 18. Nf3 Bh5 19. Qe3 b6 20. Rd5 Qe6 21. Rfd1 Bxf3 22. Qxf3 Rd7 23. Qd3 Rfd8 24. f3 f5 25. Re1 Rc8 26. Rexe5 dxe5 27. Rxd7 Qxa2 28. Qxf5 Rf8 29. Qxe5 Qb1+ 30. Kf2 Qc2+ 1-0

[Event "POL-chT2 South U19"]
[Site "Rudnik"]
[Date "2000.??.??"]
[Round "4.3"]
[White "Sztwiertnia, Krzysztof"]
[Black "Kobak, Jakub"]
[Result "0-1"]
[WhiteElo "1800"]
[BlackElo "1800"]
[PlyCount "62"]
[EventDate "2000.07.20"]
[EventType "team-swiss"]
[EventRounds "10"]
[EventCountry "POL"]
[SourceTitle "EXT 2005"]
[Source "ChessBase"]
[SourceDate "2004.11.15"]
[SourceVersion "1"]
[SourceVersionDate "2004.11.15"]
[SourceQuality "1"]
[WhiteTeam "POL-chT2 South U19 2"]
[BlackTeam "Jaslo MDK U19"]
[WhiteTeamCountry "POL"]
[BlackTeamCountry "POL"]

1. d4 Nf6 2. Nf3 e6 3. c4 d5 4. Nc3 c6 5. Bg5 Bb4 6. e3 Qa5 7. Bxf6 Bxc3+ 8. bxc3 Qxc3+ 9. Nd2 gxf6 10. Rc1 Qa5 11. cxd5 exd5 12. Qc2 Be6 13. Bd3 h6 14. Rb1 Qc7 15. Qb2 b6 16. Rc1 Nd7 17. Bb5 Nb8 18. Qc3 Kd7 19. Ke2 Rc8 20. Qd3 Qb7 21. Ba4 Qa6 22. Qxa6 Nxa6 23. a3 b5 24. Bb3 Nc7 25. Rc3 a5 26. Rhc1 Na6 27. a4 b4 28. R3c2 Kd6 29. f3 c5 30. dxc5+ Nxc5 31. Ba2 Nxa4 0-1